000 00359 a2200169 4500
001 192128
020 _a85-06-02530-3
040 _cMagnum
100 _aZiraldo
240 1 0 _aMuito prazer, bebĂȘ !
_lpor
245 1 0 _aMuito prazer, bebĂȘ !
300 _a23
362 0 _a1996
440 1 _aMelhoramentos
697 _aLITERATURA INFANTIL
942 _cBK
999 _c192128
_d192128